Monachesimo ortodosso d'oriente e diritto romano nel tardo antico

Guardat en:
Dades bibliogràfiques
Autor principal: Barone Adesi, Giorgio (Autor)
Format: Llibre
Idioma:italià
Publicat: Milán Dott. A. Giuffre 1990
Col·lecció:Universita di Roma, 65
Matèries:
Etiquetes: Afegir etiqueta
Sense etiquetes, Sigues el primer a etiquetar aquest registre!

MARC

LEADER 00000nam a2200000 a 4500
001 UCV2707
003 CL-VaPUC
008 921028e19900000IT |||||||||||||||||ita|d
082 0 4 |a 340.58  |b BAR  |2 21 
100 0 |a Barone Adesi, Giorgio  |e author  |9 296981 
245 1 0 |a Monachesimo ortodosso d'oriente e diritto romano nel tardo antico 
300 |a 417 p 
942 |c BK 
945 |d 19921028 00:00:00 
260 |a Milán  |b Dott. A. Giuffre  |c 1990 
650 7 |a DERECHO ANTIGUO  |2 CL-VaPUC  |9 296982 
650 0 |a Derecho romano  |9 255930 
583 |a last modification  |c 19921028 00:00:00  |k Rodrigo Vera 
490 0 |a Universita di Roma, 65 
999 |c 210209  |d 210207 
952 |0 0  |1 0  |4 0  |6 340_580000000000000_BAR_1990  |7 0  |8 DER_ROM  |9 186290  |a BIBDER  |b BIBDER  |d 2019-11-14  |i 2537567  |l 1  |o 340.58 BAR 1990  |p 2537567  |r 2023-01-25  |s 2020-03-17  |w 2019-11-14  |x Ubicación 4to piso  |y BK  |z Este recurso debe solicitarse con anticipación  |k DER